00321 2200145 4500245004100000250001100041100001600052650001600068650001700084005001900101260001800120041001400138084001400152336000900166 aScenes in My LifecKania RahmahText aCet. 1 aKania Rahma aKarya Siswa aAutobiografi a20250520112622 aJakartac2025 aIndonesia a081 KAN s atext